<?xml version="1.0" encoding="UTF-8"?>
<record
    xmlns:xsi="http://www.w3.org/2001/XMLSchema-instance"
    xsi:schemaLocation="http://www.loc.gov/MARC21/slim http://www.loc.gov/standards/marcxml/schema/MARC21slim.xsd"
    xmlns="http://www.loc.gov/MARC21/slim">

  <leader>01750nam a2200373Ic 4500</leader>
  <controlfield tag="001">59834</controlfield>
  <controlfield tag="003">CO-BoRNBP</controlfield>
  <controlfield tag="005">20251106222054.0</controlfield>
  <controlfield tag="007">ta</controlfield>
  <controlfield tag="008">210813s2017    ck a   er     000 0 spa d</controlfield>
  <datafield tag="020" ind1=" " ind2=" ">
    <subfield code="a">9789588334301</subfield>
  </datafield>
  <datafield tag="040" ind1=" " ind2=" ">
    <subfield code="a">CO-BoRNBP</subfield>
    <subfield code="b">spa</subfield>
    <subfield code="e">rda</subfield>
    <subfield code="c">CO-BoRNBP</subfield>
  </datafield>
  <datafield tag="041" ind1="0" ind2=" ">
    <subfield code="a">spa</subfield>
  </datafield>
  <datafield tag="082" ind1="0" ind2="4">
    <subfield code="a">630.3</subfield>
    <subfield code="b">M15</subfield>
  </datafield>
  <datafield tag="082" ind1="0" ind2="4">
    <subfield code="a">631.584</subfield>
    <subfield code="b">H63m</subfield>
    <subfield code="2">22</subfield>
  </datafield>
  <datafield tag="110" ind1=" " ind2=" ">
    <subfield code="a">Hogares Juveniles Campesinos</subfield>
    <subfield code="9">2311</subfield>
  </datafield>
  <datafield tag="245" ind1="1" ind2="0">
    <subfield code="a">Manual de agricultura urbana /</subfield>
    <subfield code="c">Hogares Juveniles Campesinos ; director ejecutivo Pbro. Jaime Alonso Quiceno Guzm&#xE1;n ; direcci&#xF3;n editorial Fabio Barahona Charry ; investigaci&#xF3;n y revisi&#xF3;n t&#xE9;cnica Nelson V&#xE1;squez Casta&#xF1;o.</subfield>
  </datafield>
  <datafield tag="250" ind1=" " ind2=" ">
    <subfield code="a">Primera edici&#xF3;n</subfield>
  </datafield>
  <datafield tag="264" ind1=" " ind2="1">
    <subfield code="a">Bogot&#xE1;, Colombia :</subfield>
    <subfield code="b">Fundaci&#xF3;n Hogares Juveniles Campesinos,</subfield>
    <subfield code="c">2017</subfield>
  </datafield>
  <datafield tag="300" ind1=" " ind2=" ">
    <subfield code="a">150 p&#xE1;ginas :</subfield>
    <subfield code="b">ilustraciones, fotograf&#xED;as a color +</subfield>
    <subfield code="e">1 folleto</subfield>
  </datafield>
  <datafield tag="336" ind1=" " ind2=" ">
    <subfield code="a">texto</subfield>
    <subfield code="b">txt</subfield>
    <subfield code="2">rdacontent</subfield>
  </datafield>
  <datafield tag="337" ind1=" " ind2=" ">
    <subfield code="a">sin mediaci&#xF3;n</subfield>
    <subfield code="b">n</subfield>
    <subfield code="2">rdamedia</subfield>
  </datafield>
  <datafield tag="338" ind1=" " ind2=" ">
    <subfield code="a">volumen</subfield>
    <subfield code="b">nc</subfield>
    <subfield code="2">rdacarrier</subfield>
  </datafield>
  <datafield tag="500" ind1=" " ind2=" ">
    <subfield code="a">Incluye glosario</subfield>
  </datafield>
  <datafield tag="500" ind1=" " ind2=" ">
    <subfield code="a">Para la dotaci&#xF3;n del FOR-2024 se realiz&#xF3; la normalizaci&#xF3;n y ajuste del n&#xFA;mero de clasificaci&#xF3;n y clave de autor</subfield>
  </datafield>
  <datafield tag="505" ind1="0" ind2=" ">
    <subfield code="a">Generalidades -- Diferentes especies de hortalizas -- C&#xF3;mo instalar un huerto urbano -- Siembra -- Labores culturales -- Fertilizaci&#xF3;n  --Control fitosanitario -- Cosecha -- Elaboraci&#xF3;n de conservas</subfield>
  </datafield>
  <datafield tag="521" ind1=" " ind2=" ">
    <subfield code="a">Recomendado para un p&#xFA;blico adulto</subfield>
  </datafield>
  <datafield tag="650" ind1="0" ind2="7">
    <subfield code="a">Agricultura urbana</subfield>
    <subfield code="v">Manuales, vadem&#xE9;cum, etc</subfield>
    <subfield code="2">lemb</subfield>
    <subfield code="9">65901</subfield>
  </datafield>
  <datafield tag="650" ind1="0" ind2="7">
    <subfield code="a">Huertos urbanos</subfield>
    <subfield code="2">lemb</subfield>
    <subfield code="9">66832</subfield>
  </datafield>
  <datafield tag="650" ind1="0" ind2="7">
    <subfield code="a">Innovaciones agr&#xED;colas</subfield>
    <subfield code="v">Manuales, vadem&#xE9;cum, etc</subfield>
    <subfield code="2">lemb</subfield>
    <subfield code="9">65903</subfield>
  </datafield>
  <datafield tag="700" ind1=" " ind2=" ">
    <subfield code="a">Quiceno Guzm&#xE1;n, Jaime Alonso</subfield>
    <subfield code="e">drt</subfield>
    <subfield code="9">66833</subfield>
  </datafield>
  <datafield tag="700" ind1=" " ind2=" ">
    <subfield code="a">V&#xE1;squez Casta&#xF1;o, Nelson</subfield>
    <subfield code="d">investigador</subfield>
    <subfield code="e">rtv</subfield>
    <subfield code="9">66834</subfield>
  </datafield>
  <datafield tag="942" ind1=" " ind2=" ">
    <subfield code="2">ddc</subfield>
    <subfield code="c">BK</subfield>
  </datafield>
  <datafield tag="999" ind1=" " ind2=" ">
    <subfield code="c">59834</subfield>
    <subfield code="d">59834</subfield>
  </datafield>
  <datafield tag="952" ind1=" " ind2=" ">
    <subfield code="0">0</subfield>
    <subfield code="1">0</subfield>
    <subfield code="2">ddc</subfield>
    <subfield code="4">0</subfield>
    <subfield code="7">0</subfield>
    <subfield code="8">GEN</subfield>
    <subfield code="a">MEMAPJGA</subfield>
    <subfield code="b">MEMAPJGA</subfield>
    <subfield code="c">GEN</subfield>
    <subfield code="d">2025-11-06</subfield>
    <subfield code="l">0</subfield>
    <subfield code="o">630.3 M15</subfield>
    <subfield code="p">MPJG00847</subfield>
    <subfield code="r">2025-11-06 22:21:19</subfield>
    <subfield code="t">Ej.1</subfield>
    <subfield code="w">2025-11-06</subfield>
    <subfield code="y">BK</subfield>
  </datafield>
</record>
